Central Library OPAC University of Rajshahi

الايمان و الاسلام al ayman w al aslam / (Record no. 81066)

MARC details
000 -LEADER
fixed length control field 00838nam a2200205 4500
003 - CONTROL NUMBER IDENTIFIER
rucl marc code BD-RjUL
005 - DATE AND TIME OF LATEST TRANSACTION
control field 20230114160501.0
008 - FIXED-LENGTH DATA ELEMENTS--GENERAL INFORMATION
fixed length control field 230114s1986 tu ||||| |||| 00| 0 a d
035 ## - SYSTEM CONTROL NUMBER
System control number (BD-RjUL)
040 ## - CATALOGING SOURCE
Original cataloging agency BD-RjUL
Language of cataloging eng
Transcribing agency BD-RjUL
041 ## - LANGUAGE CODE
Language code of text/sound track or separate title ara
082 ## - DEWEY DECIMAL CLASSIFICATION NUMBER
Edition number 23
Classification number 297.2
Author mark and year BAA 1986
100 ## - MAIN ENTRY--PERSONAL NAME
Personal name بغدادي, ضياء الدين الشيخ خالد البغدادي Baghdadi, Diaa al-Din Sheikh Khaled al-Baghdadi
9 (RLIN) 6561
245 14 - TITLE STATEMENT
Title الايمان و الاسلام al ayman w al aslam /
Statement of responsibility, etc. ضياء الدين الشيخ خالد البغدادي البغدادي, Diaa al-Din Sheikh Khaled al-Baghdadi al-Baghdadi,
264 ## - PRODUCTION, PUBLICATION, DISTRIBUTION, MANUFACTURE, AND COPYRIGHT NOTICE
Place of production, publication, distribution, manufacture استانبول :
Name of producer, publisher, distributor, manufacturer حقيقت كتاب اوى،,,
Date of production, publication, distribution, manufacture, or copyright notice 1986
300 ## - PHYSICAL DESCRIPTION
Pagination 91 p. ;
Size 18 cm
650 ## - SUBJECT ADDED ENTRY--TOPICAL TERM
Topical term or geographic name as entry element Faith (Islam)
9 (RLIN) 6562
Topical term or geographic name as entry element Islam Doctrines
9 (RLIN) 6563
942 ## - ADDED ENTRY ELEMENTS (KOHA)
Source of classification or shelving scheme Dewey Decimal Classification
Koha item type Books
Holdings
Lost status Source of classification or shelving scheme Damaged status Not for loan Collection code Permanent Location Current Location Shelving location Date acquired Source of acquisition Total Checkouts Full call number Date last seen Copy number Koha item type
  Dewey Decimal Classification   Not For Loan Non-fiction Central Library, University of Rajshahi Central Library, University of Rajshahi Reading Room 30/07/1996 gift   A 297.2 BAA 1986 14/01/2023 C-1 Books